Komparácia štruktúr ekonomík SR a EÚ 15

Uložené v:
Podrobná bibliografia
Hlavný autor: Dujava, Daniel
Médium: Kapitola
Jazyk:Slovak
Tagy: Pridať tag
Žiadne tagy, Buďte prvý, kto otaguje tento záznam!

MARC

LEADER 00000nla a2200000 4500
001 0226981
005 20240506131606.6
041 0 |a slo 
044 |a CZ 
245 1 0 |a Komparácia štruktúr ekonomík SR a EÚ 15  |c Daniel Dujava 
100 1 |a Dujava, Daniel